|
|
|
|
| LEADER |
00000nam a2200000 a 4500 |
| 001 |
vtls010466490 |
| 003 |
SK-MaSNL |
| 005 |
20260302050054.0 |
| 008 |
160610s2012 xo a c p 000 0 slo |
| 015 |
|
|
|a SNBA2013
|
| 020 |
|
|
|a 9788081201639 (brož.)
|
| 035 |
|
|
|a 1339CB99-A817-44A0-9109-9A6BEF19C266
|
| 035 |
|
|
|a urn:nbn:sk:snk-aml0oi
|
| 035 |
|
|
|a urn:nbn:sk:snk-am008ntc
|
| 040 |
|
|
|a SNK
|b slo
|c SNK
|e AACR2
|
| 041 |
0 |
|
|a slo
|
| 044 |
|
|
|a xo
|c SK
|
| 072 |
|
7 |
|a 37
|x Výchova a vzdelávanie
|2 konsekt
|
| 072 |
|
7 |
|a 37.016
|x Učebné osnovy. Vyučovacie predmety. Učebnice
|2 konspekt
|
| 080 |
|
|
|a 37.034
|2 2001
|
| 080 |
|
|
|a (075.2)
|2 2001
|
| 245 |
0 |
0 |
|a Etická výchova pre 6. ročník základných škôl
|b súbor aktivít pre žiakov
|c Darina Gogolová ... [et al.] ; [ilustrácie Juraj Martiška]
|
| 260 |
|
|
|a Bratislava
|b Orbis Pictus Istropolitana
|c 2012
|
| 300 |
|
|
|a 64 s.
|b ilustr.
|c 24 cm
|
| 650 |
0 |
7 |
|a etická výchova
|2 SNKPH
|9 4075
|
| 650 |
0 |
7 |
|a Ethical education
|2 SNKPHeng
|9 265290
|
| 655 |
|
7 |
|a učebnice základných škôl
|2 SNKPH
|9 70187
|
| 655 |
|
7 |
|a Textbooks (elementary)
|2 SNKPHeng
|9 276977
|
| 700 |
1 |
|
|a Gogolová, Darina
|4 aut
|9 25974
|
| 700 |
1 |
|
|a Bagalová, Ľubica
|4 aut
|9 71879
|
| 700 |
1 |
|
|a Piovarčiová, Tatiana
|4 aut
|9 341988
|
| 700 |
1 |
|
|a Kociánová, Ľubomíra
|4 aut
|9 489473
|
| 852 |
|
|
|a Štátna vedecká knižnica v Banskej Bystrici
|
| 919 |
|
|
|a 978-80-8120-163-9
|
| 999 |
|
|
|c 1095774
|d 1097704
|
| 952 |
|
|
|a SNK
|b SNK
|y PREZ
|7 0
|p 17A1060638
|o snkSC 152692
|i snk2013/1161
|8 0
|0 0
|1 0
|4 0
|d 2013-01-17
|f 1
|l 0
|r 2025-07-23 00:00:00
|w 2026-02-24
|
| 952 |
|
|
|a SNK
|b SNK
|y VYP
|7 0
|p 17A1060637
|o snkSC 152692 D1
|i snk2013/1162
|8 0
|0 0
|1 0
|4 0
|d 2013-01-17
|l 0
|r 2026-02-24 17:12:44
|w 2026-02-24
|